000
00226nam a22000857a 4500
008
160706b xxu||||| |||| 00| 0 eng d
100
_9
2401
_a
Bennett A
245
_a
How to live 24 hours a day
260
_a
New Delhi
_b
Maanu Group
_c
2012
999
_c
2076
_d
2076